A megtartott ejekciós frakcióval járó szívelégtelenség és a krónikus vesebetegség kapcsolata
A megtartott ejekciós frakciójú szívelégtelenség (HFpEF) heterogén etiológiájú és patomechanizmusú betegség, változó klinikai manifesztációval. Amennyiben a HFpEF krónikus vesebetegséggel (CKD) szövődik, magas morbiditással és mortalitással jár. A HFpEF és a CKD számos közös társbetegséggel és rizik...
Elmentve itt :
| Szerző: | |
|---|---|
| Dokumentumtípus: | Cikk |
| Megjelent: |
2024
|
| Sorozat: | HYPERTONIA ÉS NEPHROLOGIA
28 No. 5 |
| Tárgyszavak: | |
| doi: | 10.33668/hn.28.029 |
| mtmt: | 35575914 |
| Online Access: | http://publicatio.bibl.u-szeged.hu/38090 |
| LEADER | 02493nab a2200217 i 4500 | ||
|---|---|---|---|
| 001 | publ38090 | ||
| 005 | 20251022084102.0 | ||
| 008 | 251022s2024 hu o 000 hun d | ||
| 022 | |a 1418-477X | ||
| 024 | 7 | |a 10.33668/hn.28.029 |2 doi | |
| 024 | 7 | |a 35575914 |2 mtmt | |
| 040 | |a SZTE Publicatio Repozitórium |b hun | ||
| 041 | |a hun | ||
| 100 | 1 | |a Ágoston Gergely | |
| 245 | 1 | 2 | |a A megtartott ejekciós frakcióval járó szívelégtelenség és a krónikus vesebetegség kapcsolata |h [elektronikus dokumentum] / |c Ágoston Gergely |
| 260 | |c 2024 | ||
| 300 | |a 229-234 | ||
| 490 | 0 | |a HYPERTONIA ÉS NEPHROLOGIA |v 28 No. 5 | |
| 520 | 3 | |a A megtartott ejekciós frakciójú szívelégtelenség (HFpEF) heterogén etiológiájú és patomechanizmusú betegség, változó klinikai manifesztációval. Amennyiben a HFpEF krónikus vesebetegséggel (CKD) szövődik, magas morbiditással és mortalitással jár. A HFpEF és a CKD számos közös társbetegséggel és rizikófaktorral rendelkezik, mint a hypertonia, az obesitas, a diabetes vagy a metabolikus szindróma. A HFpEF a vesét elsősorban a magas centrális vénás nyomáshoz köthető patomechanizmus által károsítja, míg a CKD a proinflammatorikus miliő kialakításával indítja el a balkamra-remodellinghez vezető folyamatot. A diagnózis felállítása nem mindig egyszerű, a HFpEF tekintetében pontrendszerek állnak rendelkezésre, amelyek a klinikumot, társbetegségeket, echokardiográfiás paramétereket és az NT-proBNP-szintet veszik alapul. Kérdéses diagnózis esetén a terheléses vizsgálatoknak van egyre nagyobb létjogosultsága, hiszen jellemzően fizikai aktivitásra jelentkeznek panaszok. Kezelés tekintetében eddig az SGLT-2-gátlók bizonyították prognosztikus jelentőségüket mind a HFpEF, mind pedig a CKD tekintetében. A folyamatban lévő klinikai vizsgálatok pedig a GLP-1-agonistákkal és mineralokortikoidreceptor-antagonistákkal mutatnak biztató eredményeket. Várhatóan a HFpEF-CKD kezelésében is a több támadáspontú, kombinációs kezelés vezet majd eredményhez. A betegség egy megfelelően felépített, jól együttműködő multidiszciplináris csapatot igényel a teljes spektrumban (korai diagnózis, kezelés, hosszú távú gondozás), mivel így a betegek számára kedvezőbb életminőséget és kimenetelt biztosíthatunk. | |
| 650 | 4 | |a Klinikai orvostan | |
| 856 | 4 | 0 | |u http://publicatio.bibl.u-szeged.hu/38090/1/7.Amegtartottejekciosfrakciovaljaro.pdf |z Dokumentum-elérés |